000 00233nam a22001097a 4500
040 _cSK
082 _a634
100 _aDANCED
245 _aThe art of building facilitation capacities
260 _aPhnom Penh
_bDAN
_c2002
942 _cKB
999 _c8529
_d8529